000 01211cab a2200313 4500
001 ABS50993
008 090401t1994 xxu||||| |||| 00| 0 eng d
035 _a(Sirsi) u4171
041 _aeng
100 _aHouston, L.O.
245 _aBetting on BIDs
260 _c1994
350 _a0
490 _aUrban Land
_v53(6) June 1994, 13-18(6)
520 _aExamines business improvement district (BID) trends in large downtowns, in the United States, drawing on surveys of 13 illustrative assessment-financed districts. These are called special assessment districts, business improvement areas or business improvement districts. Looks at the concept of applying business judgement via business improvement districts to make downtowns work better.
520 _aThis article is not held by the RICS Library but can be obtained via inter-library loan. Please ask Library staff for details.
650 _aBIDS
650 _aBUSINESS IMPROVEMENT DISTRICTS
650 _aDENVER
650 _aHOUSTON
650 _aNEW ORLEANS
650 _aPHILADELPHIA
650 _aSEATTLE
650 _aTOWN CENTRES
650 _aUNITED STATES
690 _aURBAN RENEWAL
942 _n0
948 _c04/03/1997
999 _c2495
_d2495